National Anthem of China - 義勇軍進行曲 (March of the Volunteers) - Statistics

General Stats
  • This quiz has been taken 6 times
  • The average score is 35 of 43
Answer Stats
Lyrics % Correct
100%
de
100%
de
100%
de
100%
de
100%
qiánjìn!
100%
qiánjìn!
100%
Qiánjìn!
100%
Qiánjìn!
100%
Qǐlái!
100%
Qǐlái!
100%
Qǐlái!
100%
Qǐlái!
100%
rén
100%
wǒmen
100%
chángchéng!
80%
dàoliǎo
80%
dírén
80%
dírén
80%
hǒushēng.
80%
Màozhe
80%
Màozhe
80%
Měige
80%
Mínzú
80%
núlì
80%
pàohuǒ,
80%
pàohuǒ,
80%
rénmen!
80%
shíhòu,
80%
wēi
80%
xiǎnde
80%
Zhōnghuá
80%
zuì
80%
zuìhòude
80%
fāchū
60%
Jìn!
60%
Wǒmenwànzhòngyìxīn,
60%
xīnde
60%
xuèròu,
60%
zhùchéngwǒmen
60%
zuò
60%
bèipòzhe
40%
Búyàn
20%
No matching quizzes found
Score Distribution
Percent of People with Each Score
Percentile by Number Answered
Your Score History
You have not taken this quiz